Petit Bac: Les Pokémon de Type Ténèbre - Statistiques

Statistiques générales
  • Ce quiz a été pris 256 fois
  • Le résultat moyen est 15 sur 20
Statistiques - réponses
Lettre Pokémon % Correct
D Darkrai / Démolosse / Diamat / Dimoret / Dinglu / Dogrino / Drascore
97%
M Malosse / Mascaïman / Medhyéna / Miaouss / Miascarade / Morpeko / Moufflair / Moufouette
94%
T Tadmorv / Ténéfix / Tengalice / Têtes-de-Fer / Trioxhydre / Tyranocif
94%
G Gambex / Goupilou / Grahyéna / Grimalin / Grondogue / Grotadmorv
91%
C Cacturne / Carvanha / Chacripan / Chongjian / Clamiral / Colhomard / Corboss / Cornèbre / Crocorible
90%
S Scalpereur / Scalpion / Scalproie / Sepiatop / Sepiatroce / Sharpedo / Shifours / Spiritomb / Solochi / Sulfura
88%
F Farfuret / Félinferno / Fongus-Furie / Fourbelin
85%
Y Yuyu / Yveltal
84%
Z Zarude / Zigzaton / Zoroark / Zorua
84%
A Absol / Amphinobi / Angoliath
81%
P Pandarbare / Persian / Pifeuil
81%
L Léopardus / Lestombaile / Léviator / Linéon
78%
E Engloutyran / Escroco
72%
I Ixon
62%
N Noctali
61%
Q Qwilpik / Qwilfish
58%
R Rattata / Rattatac / Roublenard / Rugit-Lune
58%
B Baggaïd / Baggiguane / Baojian
54%
V Vaututrice / Vostourno
54%
H Hoopa
33%
Aucun quiz correspondant
Distribution des résultats
% des personnes avec chaque résultat
Percentile par nombre de réponses
Votre historique - résultats
Vous n’avez pas pris ce quiz